|
|
|
|
| LEADER |
02617nam a2200721 a 4500 |
| 001 |
nkc20132479735 |
| 003 |
CZ PrNK |
| 005 |
20130910153130.0 |
| 007 |
ta |
| 008 |
130724s2013 xr a e d 000 0 cze |
| 015 |
|
|
|a cnb002479735
|
| 020 |
|
|
|a 978-80-264-0186-5
|q (brož.)
|
| 035 |
|
|
|a (OCoLC)859738361
|
| 040 |
|
|
|a BOA001
|b cze
|
| 041 |
1 |
|
|a cze
|a eng
|a lat
|h eng
|
| 072 |
|
7 |
|a 611
|x Anatomie člověka a srovnávací anatomie
|2 Konspekt
|9 14
|
| 072 |
|
7 |
|a 81
|x Lingvistika. Jazyky
|2 Konspekt
|9 11
|
| 080 |
|
|
|a 611
|2 MRF
|
| 080 |
|
|
|a 611/612
|2 MRF
|
| 080 |
|
|
|a 811.124
|2 MRF
|
| 080 |
|
|
|a 811.162.3
|2 MRF
|
| 080 |
|
|
|a 811.111
|2 MRF
|
| 080 |
|
|
|a 61:001.4
|2 MRF
|
| 080 |
|
|
|a 81'374.8-022.218
|2 MRF
|
| 080 |
|
|
|a (084.42)
|2 MRF
|
| 080 |
|
|
|a (038)81
|2 MRF
|
| 100 |
1 |
|
|a Hutchinson, Matt
|7 mzk2005313011
|4 aut
|
| 245 |
1 |
0 |
|a Lidské tělo :
|b obrazový atlas latinsko-česko-anglický /
|c Matt Hutchinson, Jon Mallatt, Elaine N. Marieb ; fotografie Ralph T. Hutchings ; [překlad Radmila Prášková]
|
| 250 |
|
|
|a 2. vyd.
|
| 260 |
|
|
|a Brno :
|b CPress,
|c 2013
|
| 300 |
|
|
|a 142 s. :
|b barev. il. ;
|c 29 cm
|
| 500 |
|
|
|a Přeloženo z angličtiny
|
| 500 |
|
|
|a Latinsko-česko-anglický slovník
|
| 500 |
|
|
|a Tištěno napříč
|
| 650 |
0 |
7 |
|a anatomie člověka
|7 ph118421
|2 czenas
|
| 650 |
0 |
7 |
|a lidské tělo
|7 ph122345
|2 czenas
|
| 650 |
0 |
7 |
|a latina
|7 ph122187
|2 czenas
|
| 650 |
0 |
7 |
|a čeština
|7 ph135292
|2 czenas
|
| 650 |
0 |
7 |
|a angličtina
|7 ph114056
|2 czenas
|
| 650 |
0 |
7 |
|a lékařská terminologie
|7 ph301353
|2 czenas
|
| 650 |
0 |
9 |
|a human anatomy
|2 eczenas
|
| 650 |
0 |
9 |
|a human body
|2 eczenas
|
| 650 |
0 |
9 |
|a Latin language
|2 eczenas
|
| 650 |
0 |
9 |
|a Czech language
|2 eczenas
|
| 650 |
0 |
9 |
|a English language
|2 eczenas
|
| 650 |
0 |
9 |
|a medical terminology
|2 eczenas
|
| 655 |
|
7 |
|a atlasy
|7 fd131835
|2 czenas
|
| 655 |
|
7 |
|a vícejazyčné překladové slovníky
|7 fd133852
|2 czenas
|
| 655 |
|
7 |
|a terminologické slovníky
|7 fd202538
|2 czenas
|
| 655 |
|
9 |
|a atlases
|2 eczenas
|
| 655 |
|
9 |
|a polyglot translation dictionaries
|2 eczenas
|
| 655 |
|
9 |
|a terminological dictionaries
|2 eczenas
|
| 700 |
1 |
|
|a Mallatt, Jon,
|d 1952-
|7 xx0036093
|4 aut
|
| 700 |
1 |
|
|a Marieb, Elaine Nicpon,
|d 1936-
|7 xx0036094
|4 aut
|
| 700 |
1 |
|
|a Hutchings, R. T.
|q (Ralph T.)
|7 xx0017647
|4 pht
|
| 700 |
1 |
|
|a Prášková, Radmila
|7 mzk2013777273
|4 trl
|
| 765 |
0 |
|
|t Brief atlas of the human body
|9 Česky
|
| 910 |
2 |
|
|a BOA001
|b 4-1308.857
|
| 928 |
9 |
|
|a Albatros Media - CPress
|
| 990 |
|
|
|a BK
|
| 995 |
|
|
|a 01
|
| 991 |
|
|
|b 201308
|c NOV
|e n
|
| 996 |
6 |
|
|b 2610559608
|c 4-1308.857
|l MZK
|r Sklad / do 1 hodiny
|n 1
|p p.v.
|w 001354305
|u 000010
|a 1
|e BOA001
|j MZK50
|s P
|